Country pathways (Record no. 22923)

MARC details
000 -LEADER
fixed length control field 00529nam a22001817a 4500
003 - CONTROL NUMBER IDENTIFIER
control field OSt
005 - DATE AND TIME OF LATEST TRANSACTION
control field 20260604145712.0
008 - FIXED-LENGTH DATA ELEMENTS--GENERAL INFORMATION
fixed length control field 260522b |||||||| |||| 00| 0 eng d
020 ## - INTERNATIONAL STANDARD BOOK NUMBER
International Standard Book Number 1573772682
040 ## - CATALOGING SOURCE
Transcribing agency Chuka University Library
082 ## - DEWEY DECIMAL CLASSIFICATION NUMBER
Classification number ND 2550 .D69 2012
100 ## - MAIN ENTRY--PERSONAL NAME
Personal name Dozier Annette
9 (RLIN) 26538
245 ## - TITLE STATEMENT
Title Country pathways
Remainder of title painting in Acrylic and oil
260 ## - PUBLICATION, DISTRIBUTION, ETC.
Place of publication, distribution, etc. St. Louis, Missouri(MO),USA.
Name of publisher, distributor, etc. Ultra-Color corporation
Date of publication, distribution, etc. 2012
300 ## - PHYSICAL DESCRIPTION
Extent 46p.
Other physical details illustrations
650 ## - SUBJECT ADDED ENTRY--TOPICAL TERM
Topical term or geographic name entry element Painting
9 (RLIN) 23218
942 ## - ADDED ENTRY ELEMENTS (KOHA)
Source of classification or shelving scheme Library of Congress Classification
Koha item type Long Loan Books
Suppress in OPAC No
Holdings
Withdrawn status Lost status Source of classification or shelving scheme Damaged status Not for loan Home library Current library Shelving location Date acquired Total Checkouts Full call number Barcode Date last seen Cost, replacement price Price effective from Koha item type
    Library of Congress Classification     Main Campus Library Main Campus Library General Stacks 22/05/2026   ND 2550 .D69 2012 32195/2026 22/05/2026 1622.00 22/05/2026 Long Loan Books

Powered by Koha